Analýza moderných logistických technológií v podniku diplomová práca

Salvato in:
Dettagli Bibliografici
Autore principale: Fedorková, Marianna
Ente Autore: Fakulta podnikového manažmentu EU. Katedra manažmentu výroby a logistiky - zrušená
Altri autori: Richnák, Patrik, 1988-
Natura: Libro
Lingua:slovacco
Pubblicazione: Bratislava 2020
Tags: Aggiungi Tag
Nessun Tag, puoi essere il primo ad aggiungerne!!

MARC

LEADER 00000nbm a2200000 4500
001 0266131
005 20201218122346.0
041 0 |a slo 
044 |a SK 
245 1 0 |a Analýza moderných logistických technológií v podniku  |b diplomová práca  |c Marianna Fedorková ; školiteľ: Patrik Richnák 
264 1 |a Bratislava  |c 2020 
300 |a 87 s. 
100 1 |a Fedorková, Marianna 
700 1 |a Richnák, Patrik, 1988- 
710 2 |a Fakulta podnikového manažmentu EU. Katedra manažmentu výroby a logistiky - zrušená